000 00476nam a2200181Ia 4500
008 240925s9999 xx 000 0 und d
020 _aNA
082 _a621 PRA
100 _aPrasad, P. V.
245 0 _aElectrical Engineering: Concept and Applications
250 _aNA
260 _aNew Delhi:
_bCengage Learning
_c,2012.
300 _axxxv, 1496p.
_b0
_fOriginal
500 _aIncludes Index
600 _aElectrical Engineering
650 _aTechnology
942 _cBK
999 _c12524
_d12524